01179nam a2200241Ia 4500952011000000999001700110008004100127020001500168050002200183100003600205245005000241260004600291300003500337490003600372500004600408500009000454504003300544505024500577519006100822650003200883650001500915942000700930 00104070a11b11d2007-01-08l11oBF683 C622 1988p11 000347r2017-10-12s2017-10-12t2w2012-06-26yLB c68459d68459120626s1988 sp a 000 0 spa d a8433003577 aBF683 bC622 1988 aCofer, Charles Norvale, autor. aMotivación y emoción c/ Charles N. Cofer aEspaña b: Desclée de Brouwerc, 1988 a214 páginasb: ilustraciones aBiblioteca de psicologíav: 3 aTítulo original: Motivation and emotion aIncluye: Introducción / Conclusiones / Índice de autores / Índice analítico  aBibliografía (pp. 195-206) aConceptos motivacionales Aspectos biológicos de la motivación Emoción Estimulación externa Incentivos y refuerzo Algunos sistemas motivacionales en el ser humano Conflicto y teorías del equilibrio o de la consecuencia aMaterial Complementario / bPsicología / d(11 000347) 0aMOTIVACIÓN (PSICOLOGÍA) 0aEMOCIÓN  cLB